| 000 | 01251cam a2200337 i 4500 | ||
|---|---|---|---|
| 999 |
_c532181 _d532181 |
||
| 001 | 16541039 | ||
| 003 | NUST - | ||
| 005 | 20191112110046.0 | ||
| 008 | 101117t20122012maua b 001 0 eng | ||
| 010 | _a 2010046749 | ||
| 020 | _a9788131765722 | ||
| 020 | _a9780137136964 | ||
| 020 | _a013713696X | ||
| 038 | _aMSOHAIL | ||
| 040 |
_aDLC _beng _cLIBRARY _erda _dDLC |
||
| 042 | _apcc | ||
| 050 | 0 | 0 |
_aNK2113.5 _b.K64 2012 |
| 082 | 0 | 0 | _a720.284 KOE |
| 100 | 1 |
_aKoenig, Peter A. _925518 |
|
| 245 | 1 | 0 |
_aDesign graphics : drawing techniques for design professionals / _cPeter A. Koenig, Florida State University. |
| 250 | _aThird Edition. | ||
| 260 |
_aNew Delhi: _bPearson Education; _c[2012], ©2012. |
||
| 300 |
_axiii, 177 pages : _billustrations ; _c26 cm |
||
| 504 | _aIncludes bibliographical references (pages 171-172) and index. | ||
| 650 | 0 |
_aInterior decoration rendering _xTechnique. _xME _925519 |
|
| 650 | 0 |
_aArchitectural drawing _xTechnique. _925520 |
|
| 856 | 4 | 1 |
_3Table of contents only _uhttp://www.loc.gov/catdir/toc/fy11pdf03/2010046749.html |
| 906 |
_a7 _bcbc _corignew _d1 _eecip _f20 _gy-gencatlg |
||
| 942 |
_2ddc _cBK |
||